000 00574nam a2200181Ia 4500
008 090123s9999 xx 000 0 und d
082 _b4152
_a891.463/कवठेकर
100 _aकवठेकर द.र.
245 _aस्वप्न वेगी सरले
250 _a1
260 _bसुलभ मु.
_c1975
300 _a162
600 _aकवठेकर द.र.
630 _aस्वप्न वेगी सरले
700 _aकवठेकर द.र.
730 _aस्वप्न वेगी सरले
942 _cBOOK
999 _c42228
_d42228